Entre deux mondes - Tarzan - Statistiques

Statistiques générales
  • Ce quiz a été pris 124 fois
  • Le résultat moyen est 117 sur 152
Statistiques - réponses
Réponse % Correct
le
98%
Le
98%
de
97%
ton
97%
ton
97%
Un
97%
un
97%
cœur
95%
cœur
95%
famille
95%
monde
95%
seul
95%
seule
95%
une
95%
une
95%
Une
95%
ce
93%
la
93%
la
93%
vie
93%
des
91%
en
91%
et
91%
mondes
91%
Deux
90%
Guider
90%
Laisse
90%
Laisse
90%
ces
88%
destin
86%
qui
86%
qui
86%
toutes
84%
toutes
84%
pour
83%
vies
83%
toi
81%
compte
79%
Les
79%
les
79%
79%
79%
plus
79%
au
76%
forêt
76%
ta
76%
est
74%
paix
72%
Crois
71%
pas
71%
vivent
71%
ils
69%
Ils
69%
ne
69%
hommes
67%
vient
67%
dans
66%
Leur
66%
mais
66%
mots
66%
murs
66%
pleurs
66%
simple
66%
cœurs
64%
danger
64%
roder
64%
sèchent
64%
Construis
62%
réparent
62%
paradis
60%
Solides
60%
tête
60%
Cachés
59%
d'amour
59%
fardeau
59%
Lève
59%
fait
57%
t'appelle
57%
l'espoir
55%
voix
55%
chemin
53%
entends
53%
l'amour
53%
sable
53%
fin
52%
hauts
52%
nouvelle
52%
peut
52%
sur
52%
Porte
50%
rêve
50%
Là-bas
48%
Marche
47%
force
45%
s'endort
45%
t'attend
45%
entrer
41%
Puise
41%
ceux
40%
t'aiment
40%
vierge
40%
Aucun quiz correspondant
Distribution des résultats
% des personnes avec chaque résultat
Percentile par nombre de réponses
Votre historique - résultats
Vous n’avez pas pris ce quiz